Pseudonymes - Statistiques

Statistiques générales
  • Ce quiz a été pris 53 fois
  • Le résultat moyen est 10 sur 20
Statistiques - réponses
Question Réponse % Correct
Georges Rémi Hergé
85%
André Raimbourg Bourvil
75%
Stefanie Germanotta Lady Gaga
69%
Sophie Maupu Sophie Marceau
69%
Robert Zimmermann Bob Dylan
67%
Daniel Faid Hamidou Danny Boon
65%
Frédérique Hoschedé Dorothée
63%
Sylvette Herry Miou-Miou
60%
Vincent Rouil Lagaf'
52%
Ivo Livi Yves Montand
52%
Jacques Essebag Arthur
48%
Mélanie Georgiadès Diam's
48%
Louise Veronica Ciccone Madonna
48%
Jacky Boufroura Jacques Villeret
46%
Allan Stewart Konigsberg Woody Allen
40%
Céline Barbe Tabatha Cash
25%
Mario Girotti Terence Hill
25%
Mireille Aigroz Mireille Darc
21%
Patrick Bourdeau Patrick Dewaere
17%
Michel Thomas Michel Houellebecq
13%
Aucun quiz correspondant
Distribution des résultats
% des personnes avec chaque résultat
Percentile par nombre de réponses
Votre historique - résultats
Vous n’avez pas pris ce quiz